| 000 | 00000nas##2200000za#4500 |
| 001 | 9.512946 |
| 003 | CaOODSP |
| 005 | 20200331215940 |
| 007 | ta |
| 008 | 150406c1993||||xxc|| m #||||f| |0fre|d |
| 040 | |aCaOODSP|bfre |
| 043 | |an-cn--- |
| 086 | 1 |aEn105-4F |
| 110 | 1 |aCanada.|bEnvironnement Canada. |bBureau fédéral d'examen des évaluations environnementales. |
| 245 | 10|aRapport de la commission d'évaluation environnementale Canada--Nouvelle-Écosse |
| 260 | |aOttawa - Ontario : |bEnvironnement Canada. |
| 563 | |aReliure à anneaux |
| 775 | 08|tReport of the Canada-Nova Scotia Environmental Assessment Panel |w(CaOODSP)9.514540 |